| 000 | 00829nam a2200289 a 4500 | ||
|---|---|---|---|
| 001 | vtls001465621 | ||
| 003 | NLI | ||
| 005 | 20210627125656.0 | ||
| 008 | 121201s1978 dcu f000 0 eng | ||
| 039 | 9 |
_y201212011831 _zVLOAD |
|
| 040 |
_aNLI _beng _cDatasoft_FOD _eAACR2 |
||
| 041 | 0 | _aeng | |
| 044 | _a dcu | ||
| 082 | 0 | 4 | _a 387.7071 |
| 100 | 1 |
_aZaharevitz, Walter _9731196 |
|
| 245 | 1 | 0 |
_aAviation education / _cWalter Zaharevitz |
| 260 |
_aWashington, D.C. : _bU.S. Government Printing Office, _c1978 |
||
| 300 |
_a16 p. ; _c20 cm. |
||
| 440 | 0 |
_aFederal aviation administration _9836830 |
|
| 650 | 0 |
_aAeronautics and civilization _9731198 |
|
| 650 | 0 |
_aEducation _xCurricula |
|
| 887 | _a | ||
| 901 |
_aAD 76651 _b02.08.2010 |
||
| 902 | _aU.S 387.7071 Z 13 | ||
| 904 | _lC 839 | ||
| 999 |
_aVIRTUA40 _c915530 _d915530 |
||
| 942 |
_2ddc _cBKS |
||